00452pab a2200145 454500008004000000100002600040245011400066260000900180300001100189362001200200650002900212650001000241700001700251773003800268180718b2001 xxu||||| |||| 00| 0 eng d aEdirisuriya, Piyadasa aFinancial deregulation and financial performance: a comparative study on Indian banks and selected OECD banks c2001 ap.5-24 aApr-Sep aFinancial administration aBanks aFang, Victor aJournal of Accounting and Finance